Enfermedades respiratorias en pediatría
Gespeichert in:
| Hauptverfasser: | , |
|---|---|
| Format: | Buch |
| Sprache: | Spanisch |
| Veröffentlicht: |
Santiago
Mediterráneo Ltda.
2012
|
| Ausgabe: | 1a. ed |
| Schlagworte: | |
| Tags: |
Tag hinzufügen
Keine Tags, Fügen Sie den ersten Tag hinzu!
|
MARC
| LEADER | 00000cam a2200000 a 4500 | ||
|---|---|---|---|
| 001 | UCE2167 | ||
| 003 | CL-VaPUC | ||
| 008 | 140612e20120000cl |||||||||||||||||spa|d | ||
| 020 | |a 9789562203401 | ||
| 082 | 0 | 4 | |a 618.92 |b HER |2 21 |
| 100 | |a Herrera G, Oscar |e author |9 574626 | ||
| 700 | 0 | |a Quezada, Arnoldo |e author |9 574627 | |
| 245 | 1 | 0 | |a Enfermedades respiratorias en pediatría |
| 250 | |a 1a. ed | ||
| 300 | |a 617 p | ||
| 942 | |c BK | ||
| 945 | |d 20140612 14:08:00 |a dcastane | ||
| 260 | |a Santiago |b Mediterráneo Ltda. |c 2012 | ||
| 650 | 0 | |a Pediatría |9 309397 | |
| 650 | 0 | |a Aparato respiratorio |9 263058 | |
| 650 | 7 | |a ENFERMEDADES DEL RECIEN NACIDO |2 CL-VaPUC |9 341869 | |
| 650 | 7 | |a ENFERMEDADES DEL APARATO RESPIRATORIO |2 CL-VaPUC |9 341870 | |
| 583 | |a last modification |c 20140612 14:08:00 |k Rodrigo Vera | ||
| 999 | |c 355830 |d 355828 | ||
| 952 | |0 0 |1 0 |3 erb |4 0 |6 618_920000000000000_HER_2012 |7 0 |8 A |9 462692 |a BIBCUR |b BIBCUR |i 5083702 |o 618.92 HER 2012 |p 5083702 |r 2025-04-22 |w 2019-11-23 |y BK |z Catalogado en:20140612 |k KIN | ||
| 952 | |0 0 |1 0 |3 erb |4 0 |6 618_920000000000000_HER_2012 |7 0 |8 A |9 462693 |a BIBCUR |b BIBCUR |i 5083710 |o 618.92 HER 2012 |p 5083710 |r 2025-04-22 |w 2019-11-23 |y BK |z Catalogado en:20140612 |k KIN | ||
| 952 | |0 0 |1 0 |3 erb |4 0 |6 618_920000000000000_HER_2012 |7 0 |8 A |9 462694 |a BIBCUR |b BIBCUR |i 5083729 |o 618.92 HER 2012 |p 5083729 |r 2025-04-22 |w 2019-11-23 |y BK |z Catalogado en:20140612 |k KIN | ||
| 952 | |0 0 |1 0 |3 erb |4 0 |6 618_920000000000000_HER_2012 |7 0 |8 A |9 462695 |a BIBCUR |b BIBCUR |i 5083737 |o 618.92 HER 2012 |p 5083737 |r 2025-04-22 |w 2019-11-23 |y BK |z Catalogado en:20140612 |k KIN | ||
| 952 | |0 0 |1 0 |3 erb |4 0 |6 618_920000000000000_HER_2012 |7 0 |8 A |9 462696 |a BIBCUR |b BIBCUR |i 5083745 |l 1 |o 618.92 HER 2012 |p 5083745 |r 2025-04-22 |s 2023-06-15 |w 2019-11-23 |y BK |z Catalogado en:20140612 |k KIN | ||
| 952 | |0 0 |1 0 |3 erb |4 0 |6 618_920000000000000_HER_2012 |7 0 |8 A |9 462697 |a BIBCUR |b BIBCUR |i 5083753 |o 618.92 HER 2012 |p 5083753 |r 2025-04-22 |w 2019-11-23 |y BK |z Catalogado en:20140612 |k KIN | ||
| 952 | |0 0 |1 0 |3 erb |4 0 |6 618_920000000000000_HER_2012 |7 0 |8 A |9 462698 |a BIBCUR |b BIBCUR |i 5083761 |o 618.92 HER 2012 |p 5083761 |r 2025-04-22 |w 2019-11-23 |y BK |z Catalogado en:20140612 |k KIN | ||